The human model : (Record no. 193760)
[ view plain ]
| 000 -LEADER | |
|---|---|
| fixed length control field | 00969 a2200253 4500 |
| 003 - CONTROL NUMBER IDENTIFIER | |
| control field | NUST |
| 005 - DATE AND TIME OF LATEST TRANSACTION | |
| control field | 20221206133445.0 |
| 010 ## - LIBRARY OF CONGRESS CONTROL NUMBER | |
| LC control number | 78027597 |
| 020 ## - INTERNATIONAL STANDARD BOOK NUMBER | |
| International Standard Book Number | 0470266422 |
| 040 ## - CATALOGING SOURCE | |
| Transcribing agency | Nust |
| 082 00 - DEWEY DECIMAL CLASSIFICATION NUMBER | |
| Classification number | 156,HAR |
| 100 1# - MAIN ENTRY--PERSONAL NAME | |
| Personal name | Harlow, Harry F. |
| 9 (RLIN) | 104255 |
| 245 14 - TITLE STATEMENT | |
| Title | The human model : |
| Remainder of title | primate perspectives / |
| Statement of responsibility, etc. | Harry F. Harlow and Clara Mears. |
| 260 ## - PUBLICATION, DISTRIBUTION, ETC. | |
| Place of publication, distribution, etc. | Washington : |
| Name of publisher, distributor, etc. | V. H. Winston ; |
| Place of publication, distribution, etc. | New York : |
| Name of publisher, distributor, etc. | Wiley, |
| Date of publication, distribution, etc. | 1979. |
| 300 ## - PHYSICAL DESCRIPTION | |
| Extent | viii, 312 p. : |
| Other physical details | ill. ; |
| Dimensions | 24 cm. |
| 500 ## - GENERAL NOTE | |
| General note | Part-1: The Legened of Learning (Page-13), Part-2: The Meaning of Motives (Page-77), Part-3: The Loves of Life (Page-161), Part-4: The Price of Pathology (Page-217). |
| 650 #0 - SUBJECT ADDED ENTRY--TOPICAL TERM | |
| Topical term or geographic name entry element | Ethology |
| General subdivision | Collected works. |
| 9 (RLIN) | 104256 |
| 650 #0 - SUBJECT ADDED ENTRY--TOPICAL TERM | |
| Topical term or geographic name entry element | Models, Psychological |
| General subdivision | Collected works. |
| 9 (RLIN) | 104257 |
| 650 #0 - SUBJECT ADDED ENTRY--TOPICAL TERM | |
| Topical term or geographic name entry element | Primates |
| General subdivision | Behavior. |
| 9 (RLIN) | 104258 |
| 650 #0 - SUBJECT ADDED ENTRY--TOPICAL TERM | |
| Topical term or geographic name entry element | Primates |
| General subdivision | Collected works. |
| 9 (RLIN) | 104259 |
| 650 #0 - SUBJECT ADDED ENTRY--TOPICAL TERM | |
| Topical term or geographic name entry element | Psychology, Comparative. |
| 9 (RLIN) | 104260 |
| 700 1# - ADDED ENTRY--PERSONAL NAME | |
| Personal name | Mears, Clara, |
| 9 (RLIN) | 104261 |
| 942 ## - ADDED ENTRY ELEMENTS (KOHA) | |
| Source of classification or shelving scheme | |
| Koha item type | Book |
| Call number prefix | 156,HAR |
| Withdrawn status | Lost status | Source of classification or shelving scheme | Damaged status | Not for loan | Permanent Location | Current Location | Shelving location | Date acquired | Full call number | Barcode | Date last seen | Price effective from | Koha item type | Public note |
|---|---|---|---|---|---|---|---|---|---|---|---|---|---|---|
| Military College of Signals (MCS) | Military College of Signals (MCS) | General Stacks | 12/12/2016 | 156,HAR | MCS21744 | 12/08/2016 | 12/12/2016 | Book | Almirah No.46, Shelf No.4 | |||||
| Military College of Signals (MCS) | Military College of Signals (MCS) | General Stacks | 12/12/2016 | 156,HAR | MCS21764 | 12/08/2016 | 12/12/2016 | Book | Almirah No.73, Shelf No.1 |
